000 00442nam a22001697a 4500
003 macl
005 20150715153040.0
008 150715b xxu||||| |||| 00| 0 eng d
040 _cmacl
041 _aEnglish
082 _a323.44/SON
100 _aSoni R.B.L
_92237
245 _aMahatma Gandhi On Satyagraha & Basic Education
260 _aNew Delhi
_bNational Publishing House
_c1998
650 _aSocial Science
_92238
942 _2ddc
_cBK
999 _c50152
_d50152